[Event "Warsaw YMCA Autumn 52nd"]
[Site "Warsaw"]
[Date "2008.12.23"]
[Round "13"]
[White "Delega, Tomasz"]
[Black "Bielinski, Leszek"]
[Result "1-0"]
[WhiteElo "2164"]
[BlackElo "2128"]
[PlyCount "97"]
[EventDate "2008.10.07"]
[EventType "tourn"]
[EventRounds "13"]
[EventCountry "POL"]
[SourceTitle "EXT 2019"]
[Source "ChessBase"]
[SourceDate "2018.10.10"]
[SourceVersion "1"]
[SourceVersionDate "2018.10.10"]
[SourceQuality "1"]

1. e4 e5 2. Nf3 Nf6 3. Bc4 Nxe4 4. Nc3 Nxc3 5. dxc3 c6 6. Nxe5 d5 7. Bd3 Bd6 8. Nf3 Bg4 9. h3 Bh5 10. g4 Bg6 11. Bg5 f6 12. Bxg6+ hxg6 13. Be3 Qe7 14. Qd3 Qe4 15. Qxe4+ dxe4 16. Nd2 f5 17. gxf5 gxf5 18. Nc4 Bc7 19. Bd4 Kf7 20. 0-0-0 Na6 21. Rhg1 Rh7 22. Ne5+ Ke7 23. b4 Rd8 24. Rg5 c5 25. bxc5 Bxe5 26. Bxe5 Rxd1+ 27. Kxd1 Nxc5 28. Rxg7+ Rxg7 29. Bxg7 Ne6 30. Be5 Ng5 31. h4 Nf3 32. Bf4 Kf6 33. h5 Ng1 34. Kd2 b5 35. Ke3 Nf3 36. Bh6 Ne1 37. Kd4 Nxc2+ 38. Kc5 a6 39. Kb6 Na3 40. Kxa6 Nb1 41. Be3 f4 42. Bxf4 Nxc3 43. a3 Kf5 44. Bd2 Nd1 45. Be3 Nc3 46. Ka5 Nb1 47. Kb4 Kf6 48. Kb3 Kf5 49. Kb2 1-0

[Event "Warsaw YMCA Autumn 52nd"]
[Site "Warsaw"]
[Date "2008.12.19"]
[Round "12"]
[White "Bielinski, Leszek"]
[Black "Sanz Losada, Victoriano"]
[Result "0-1"]
[WhiteElo "2128"]
[BlackElo "2206"]
[PlyCount "80"]
[EventDate "2008.10.07"]
[EventType "tourn"]
[EventRounds "13"]
[EventCountry "POL"]
[SourceTitle "EXT 2019"]
[Source "ChessBase"]
[SourceDate "2018.10.10"]
[SourceVersion "1"]
[SourceVersionDate "2018.10.10"]
[SourceQuality "1"]

1. d4 Nf6 2. Nf3 g6 3. Bf4 Bg7 4. Nbd2 0-0 5. e3 d6 6. Be2 Nc6 7. 0-0 h6 8. c4 Nh5 9. Bg3 Nxg3 10. hxg3 e5 11. Nb3 e4 12. Nfd2 f5 13. d5 Ne5 14. Nd4 h5 15. Rc1 Bh6 16. c5 Rf7 17. cxd6 cxd6 18. Nc4 Ng4 19. Ne6 Qe7 20. Qd4 Rh7 21. Na5 Bxe6 22. dxe6 Bg7 23. Qb4 Bf8 24. Bc4 h4 25. Qxb7 hxg3 26. Qxe7 Bxe7 27. fxg3 Bg5 28. Rfe1 Bxe3+ 29. Rxe3 Nxe3 30. Bb3 Kg7 31. Rc7+ Kh6 32. e7 Re8 33. Nc6 Kg5 34. Rxa7 Ng4 35. Kf1 Rh1+ 36. Ke2 Rb1 37. Kd2 e3+ 38. Kd3 Rxb2 39. Nd4 Rd2+ 40. Kc3 Rxd4 0-1

[Event "Warsaw YMCA Autumn 52nd"]
[Site "Warsaw"]
[Date "2008.11.14"]
[Round "6"]
[White "Janczarski, Michal"]
[Black "Bielinski, Leszek"]
[Result "1/2-1/2"]
[WhiteElo "2269"]
[BlackElo "2128"]
[PlyCount "117"]
[EventDate "2008.10.07"]
[EventType "tourn"]
[EventRounds "13"]
[EventCountry "POL"]
[SourceTitle "EXT 2019"]
[Source "ChessBase"]
[SourceDate "2018.10.10"]
[SourceVersion "1"]
[SourceVersionDate "2018.10.10"]
[SourceQuality "1"]

1. c4 e5 2. g3 g6 3. d4 exd4 4. Qxd4 Nf6 5. Bg5 Bg7 6. Qe5+ Kf8 7. Nc3 h6 8. Bxf6 Bxf6 9. Qe3 Kg7 10. 0-0-0 Re8 11. Qd2 d6 12. e4 Nc6 13. h4 Bxc3 14. Qxc3+ Qf6 15. Qxf6+ Kxf6 16. f3 Be6 17. b3 a5 18. a4 Ne5 19. Bg2 Ke7 20. Ne2 c6 21. Kb2 g5 22. hxg5 hxg5 23. Rh5 Rh8 24. Rdh1 Rxh5 25. Rxh5 Rg8 26. Kc3 c5 27. Kd2 Nc6 28. Ke3 Kf6 29. Bh1 Kg6 30. Rh2 f6 31. f4 Bg4 32. Bf3 Bxf3 33. Kxf3 Re8 34. Nc3 Nd4+ 35. Kg4 gxf4 36. gxf4 f5+ 37. exf5+ Nxf5 38. Nd5 Re1 39. Rh3 Rg1+ 40. Kf3 Nd4+ 41. Ke4 Re1+ 42. Re3 Rb1 43. Ne7+ Kf6 44. Nc8 Ke6 45. Rh3 Rxb3 46. Rh6+ Kd7 47. Nxd6 Ne6 48. Nb5 Rb1 49. f5 Re1+ 50. Kd5 Rd1+ 51. Ke5 Re1+ 52. Kf6 Nd4 53. Nxd4 cxd4 54. Rh4 Rd1 55. Kg7 d3 56. Rd4+ Kc6 57. f6 d2 58. f7 Rg1+ 59. Kh7 1/2-1/2

[Event "Warsaw YMCA Summer-A 38th"]
[Site "Warsaw"]
[Date "2007.07.27"]
[Round "4"]
[White "Bielinski, Leszek"]
[Black "Proszynski, Waldemar"]
[Result "1-0"]
[WhiteElo "2139"]
[BlackElo "2078"]
[PlyCount "77"]
[EventDate "2007.07.06"]
[EventType "tourn"]
[EventRounds "10"]
[EventCountry "POL"]
[SourceTitle "EXT 2011"]
[Source "ChessBase"]
[SourceDate "2010.11.26"]
[SourceVersion "1"]
[SourceVersionDate "2010.11.26"]
[SourceQuality "1"]

1. e4 c6 2. d3 d5 3. Nd2 e5 4. Ngf3 Bd6 5. g3 Bg4 6. Bg2 Nf6 7. h3 Bxf3 8. Qxf3 Nbd7 9. 0-0 0-0 10. g4 Nb6 11. a4 a5 12. Nb3 Qe7 13. Bg5 dxe4 14. dxe4 Qe6 15. Nd2 Nfd7 16. Rfd1 f6 17. Be3 Bc5 18. Bf1 Kh8 19. b3 Qe7 20. Nc4 Rfd8 21. Bxc5 Qxc5 22. Nd6 Rf8 23. Nxb7 Qb4 24. Nd6 Rab8 25. Bc4 Nxc4 26. Nxc4 Nc5 27. Rd6 Rbc8 28. Qe3 Nb7 29. Rd7 Nd8 30. Rd6 Nf7 31. Rd7 Ng5 32. Rad1 Ne6 33. Nd6 Rb8 34. Nf5 Ng5 35. Rxg7 Rfd8 36. Rgd7 Rxd7 37. Rxd7 c5 38. h4 Nxe4 39. Rxh7+ 1-0

[Event "Warsaw YMCA Summer-A 38th"]
[Site "Warsaw"]
[Date "2007.07.20"]
[Round "9"]
[White "Proszynski, Waldemar"]
[Black "Bielinski, Leszek"]
[Result "1-0"]
[WhiteElo "2078"]
[BlackElo "2139"]
[PlyCount "57"]
[EventDate "2007.07.06"]
[EventType "tourn"]
[EventRounds "10"]
[EventCountry "POL"]
[SourceTitle "EXT 2011"]
[Source "ChessBase"]
[SourceDate "2010.11.26"]
[SourceVersion "1"]
[SourceVersionDate "2010.11.26"]
[SourceQuality "1"]

1. d4 d5 2. Nf3 Nf6 3. e3 c5 4. c3 e6 5. Bd3 Nc6 6. 0-0 Bd6 7. dxc5 Bxc5 8. Nbd2 0-0 9. e4 Qc7 10. Qe2 dxe4 11. Nxe4 Nxe4 12. Qxe4 f5 13. Qh4 Be7 14. Bg5 Bxg5 15. Qxg5 Bd7 16. Rfe1 Rae8 17. Rad1 Rf6 18. Bc4 a6 19. Rd2 b5 20. Bb3 Na5 21. Ne5 Bc6 22. Qe3 Nxb3 23. axb3 Bd5 24. c4 Be4 25. f4 Rd8 26. Red1 Rff8 27. Rd7 Rxd7 28. Rxd7 Qc8 29. Qa7 1-0

[Event "Warsaw YMCA Autumn 28th"]
[Site "Warsaw"]
[Date "2006.12.13"]
[Round "10"]
[White "Pekacki, Stanislaw"]
[Black "Bielinski, Leszek"]
[Result "0-1"]
[WhiteElo "2124"]
[BlackElo "2099"]
[PlyCount "72"]
[EventDate "2006.09.27"]
[EventType "tourn"]
[EventRounds "11"]
[EventCountry "POL"]
[SourceTitle "EXT 2011"]
[Source "ChessBase"]
[SourceDate "2010.11.26"]
[SourceVersion "1"]
[SourceVersionDate "2010.11.26"]
[SourceQuality "1"]

1. e4 e5 2. Nf3 Nf6 3. Nxe5 d6 4. Nf3 Nxe4 5. d4 d5 6. Bd3 Bd6 7. 0-0 0-0 8. c4 c6 9. Nc3 Nxc3 10. bxc3 dxc4 11. Bxc4 Bg4 12. Qd3 Bh5 13. Bg5 Qc7 14. h3 Nd7 15. Bb3 Bg6 16. Qd2 Rfe8 17. Rfe1 Nf8 18. Re2 h6 19. Be3 Qd7 20. Rae1 Bh5 21. Bf4 Rxe2 22. Rxe2 Bxf3 23. gxf3 Ng6 24. Bxd6 Qxd6 25. Re4 Qf6 26. Qe3 Rf8 27. c4 Nh4 28. Kf1 g5 29. Ke2 Ng2 30. Qc1 Nf4+ 31. Ke3 Nxh3 32. Qh1 Nf4 33. Qg1 c5 34. Qd1 Rd8 35. Qd2 cxd4+ 36. Rxd4 Qe5+ 0-1

[Event "Warsaw YMCA Autumn 28th"]
[Site "Warsaw"]
[Date "2006.09.27"]
[Round "1"]
[White "Przybyla, Kamil"]
[Black "Bielinski, Leszek"]
[Result "0-1"]
[WhiteElo "2072"]
[BlackElo "2099"]
[PlyCount "50"]
[EventDate "2006.09.27"]
[EventType "tourn"]
[EventRounds "11"]
[EventCountry "POL"]
[SourceTitle "EXT 2011"]
[Source "ChessBase"]
[SourceDate "2010.11.26"]
[SourceVersion "1"]
[SourceVersionDate "2010.11.26"]
[SourceQuality "1"]

1. e4 e5 2. Nc3 Bc5 3. Nf3 d6 4. d4 exd4 5. Nxd4 Nc6 6. Be3 Bd7 7. Nxc6 Bxc6 8. Bxc5 dxc5 9. Qh5 Qe7 10. 0-0-0 Nf6 11. Qh4 0-0 12. Bd3 Rfe8 13. Rhe1 c4 14. Bxc4 Qc5 15. Bd3 b5 16. Nd5 Bxd5 17. exd5 Rxe1 18. Rxe1 Qxd5 19. g4 Qd4 20. Qg3 c5 21. g5 Ne8 22. Bxb5 Qb4 23. Rxe8+ Rxe8 24. Be2 Qe1+ 25. Bd1 Rd8 0-1

[Event "POL-chT 1st League"]
[Site "Ustron"]
[Date "2003.09.07"]
[Round "2"]
[White "Bielinski, Leszek"]
[Black "Cichocki, Adam"]
[Result "0-1"]
[WhiteElo "2132"]
[BlackElo "2347"]
[PlyCount "40"]
[EventDate "2003.09.06"]
[EventType "team-tourn"]
[EventRounds "9"]
[EventCountry "POL"]
[SourceTitle "EXT 2005"]
[Source "ChessBase"]
[SourceDate "2004.11.15"]
[SourceVersion "1"]
[SourceVersionDate "2004.11.15"]
[SourceQuality "1"]
[WhiteTeam "Warszawa AZS UW"]
[BlackTeam "Gdanski Drapol Jantar Pruszcz"]
[WhiteTeamCountry "POL"]
[BlackTeamCountry "POL"]

1. d4 d6 2. e4 g6 3. g3 Bg7 4. Bg2 c5 5. c3 cxd4 6. cxd4 Nc6 7. d5 Ne5 8. Nc3 Nf6 9. Nge2 0-0 10. 0-0 Bg4 11. h3 Bf3 12. Bxf3 Nxf3+ 13. Kg2 Ne5 14. b3 Qa5 15. Be3 Rfc8 16. Rc1 Rc7 17. Qd2 Rac8 18. f3 a6 19. Bd4 b5 20. Qe3 Ned7 0-1

[Event "POL-chT 58th 2nd League"]
[Site "Wisla"]
[Date "2002.??.??"]
[Round "?"]
[White "Kempinski, Tomasz"]
[Black "Bielinski, Leszek"]
[Result "0-1"]
[WhiteElo "2183"]
[BlackElo "2188"]
[PlyCount "40"]
[EventDate "2002.08.30"]
[EventType "team-swiss"]
[EventRounds "11"]
[EventCountry "POL"]
[SourceTitle "EXT 2019"]
[Source "ChessBase"]
[SourceDate "2018.10.10"]
[SourceVersion "1"]
[SourceVersionDate "2018.10.10"]
[SourceQuality "1"]

1. e4 e5 2. Nf3 Nf6 3. Nc3 Nc6 4. Bc4 Bc5 5. 0-0 d6 6. h3 0-0 7. d3 h6 8. a3 a6 9. b4 Bb6 10. Be3 Nd4 11. Bxd4 exd4 12. Ne2 c5 13. bxc5 dxc5 14. Qb1 Bc7 15. a4 b6 16. Qb3 Bb7 17. Ng3 g6 18. Rae1 Kg7 19. Re2 Qd7 20. e5 Nd5 0-1

[Event "POL-chT 54th"]
[Site "Lubniewice"]
[Date "1998.11.05"]
[Round "5"]
[White "Orzechowski, Jacek"]
[Black "Bielinski, Leszek"]
[Result "1/2-1/2"]
[WhiteElo "2265"]
[BlackElo "2245"]
[PlyCount "98"]
[EventDate "1998.11.01"]
[EventType "team-tourn"]
[EventRounds "9"]
[EventCountry "POL"]
[SourceTitle "EXT 2019"]
[Source "ChessBase"]
[SourceDate "2018.10.10"]
[SourceVersion "1"]
[SourceVersionDate "2018.10.10"]
[SourceQuality "1"]
[WhiteTeam "Raciborz Rzemioslo"]
[BlackTeam "Warszawa Entropia"]
[WhiteTeamCountry "POL"]
[BlackTeamCountry "POL"]

1. d4 d5 2. c4 e6 3. Nc3 Be7 4. cxd5 exd5 5. Bf4 Nf6 6. e3 0-0 7. Bd3 Be6 8. Nf3 Nbd7 9. h3 c5 10. 0-0 a6 11. dxc5 Nxc5 12. Nd4 Nxd3 13. Qxd3 Qd7 14. Rfd1 Rfd8 15. Rac1 Rac8 16. f3 h6 17. g4 Nh7 18. Kg2 Nf8 19. Nce2 Ng6 20. Bg3 Nf8 21. Nf4 Rxc1 22. Rxc1 Rc8 23. Rc2 Bf6 24. Nh5 Rxc2+ 25. Qxc2 Bxd4 26. exd4 Qc8 27. Qxc8 Bxc8 28. Nf4 Be6 29. Nd3 Nd7 30. Kf2 Kf8 31. Bd6+ Ke8 32. Nf4 g6 33. h4 Nb6 34. b3 Nc8 35. Ba3 Na7 36. Ke3 Nc6 37. h5 g5 38. Nxe6 fxe6 39. Bb2 b5 40. f4 Kf7 41. fxg5 hxg5 42. Bc3 Kf6 43. Kd3 Kf7 44. Bd2 Kf6 45. a3 e5 46. dxe5+ Nxe5+ 47. Kd4 Nf3+ 48. Ke3 Nh2 49. Kd4 Nf3+ 1/2-1/2

[Event "POL-ch U26"]
[Site "Poland"]
[Date "1998.??.??"]
[Round "?"]
[White "Bielinski, Leszek"]
[Black "Rutkowski, Piotr"]
[Result "0-1"]
[WhiteElo "2245"]
[BlackElo "2055"]
[PlyCount "74"]
[EventDate "1998.??.??"]
[EventType "swiss"]
[EventRounds "9"]
[EventCountry "POL"]
[SourceTitle "EXT 2002"]
[Source "ChessBase"]
[SourceDate "2001.11.25"]
[SourceVersion "1"]
[SourceVersionDate "2001.11.25"]
[SourceQuality "1"]

1. e4 c5 2. Nf3 d6 3. d4 cxd4 4. Nxd4 Nf6 5. Nc3 a6 6. g3 e6 7. Bg2 Be7 8. 0-0 0-0 9. Be3 Qc7 10. a4 Nc6 11. Nxc6 bxc6 12. a5 Nd7 13. Na4 c5 14. c4 Rb8 15. Qc2 Bb7 16. Rfd1 Rfd8 17. f4 Bc6 18. Nc3 Qb7 19. Rd2 Qa8 20. Rad1 Rb4 21. Bf1 Rdb8 22. Qc1 Nf6 23. e5 dxe5 24. fxe5 Ng4 25. Bf4 g5 26. Rd7 Bxd7 27. Rxd7 Qf3 28. Nd1 Rxb2 29. Rd3 Qe4 30. Nxb2 gxf4 31. gxf4 Bh4 32. Nd1 Kh8 33. h3 Nh6 34. Qe3 Rg8+ 35. Kh2 Bg3+ 36. Qxg3 Rxg3 37. Rxg3 Qxf4 0-1

[Event "Warsaw Cup"]
[Site "Warsaw"]
[Date "1987.??.??"]
[Round "11"]
[White "Kadzinski, Wieslaw"]
[Black "Bielinski, Leszek"]
[Result "1/2-1/2"]
[WhiteElo "2265"]
[BlackElo "2220"]
[PlyCount "56"]
[EventDate "1987.04.??"]
[EventType "swiss"]
[EventRounds "11"]
[EventCountry "POL"]
[SourceTitle "EXT 2001"]
[Source "ChessBase"]
[SourceDate "2000.11.22"]
[SourceVersion "1"]
[SourceVersionDate "2000.11.22"]
[SourceQuality "1"]

1. e4 e5 2. Nf3 Nc6 3. d4 exd4 4. Bc4 Nf6 5. e5 Ng4 6. 0-0 d6 7. exd6 Bxd6 8. Re1+ Kf8 9. c3 dxc3 10. Nxc3 Bf5 11. Bxf7 Bxh2+ 12. Nxh2 Qxd1 13. Rxd1 Kxf7 14. Nxg4 Bxg4 15. f3 Be6 16. Bf4 Rac8 17. Nb5 Bc4 18. Nxc7 Rcd8 19. b3 Be2 20. Re1 Nd4 21. Kf2 Bd3 22. Rad1 Bg6 23. Rd2 Nc6 24. Red1 Rxd2+ 25. Rxd2 Rd8 26. Rxd8 Nxd8 27. Nb5 a6 28. Nd4 Ne6 1/2-1/2

[Event "Warsaw Cup"]
[Site "Warsaw"]
[Date "1987.??.??"]
[Round "4"]
[White "Weglarz, Leszek"]
[Black "Bielinski, Leszek"]
[Result "1-0"]
[WhiteElo "2300"]
[BlackElo "2220"]
[PlyCount "129"]
[EventDate "1987.04.??"]
[EventType "swiss"]
[EventRounds "11"]
[EventCountry "POL"]
[SourceTitle "EXT 2001"]
[Source "ChessBase"]
[SourceDate "2000.11.22"]
[SourceVersion "1"]
[SourceVersionDate "2000.11.22"]
[SourceQuality "1"]

1. d4 d5 2. c4 e6 3. Nc3 Be7 4. Nf3 Nf6 5. Bg5 0-0 6. e3 b6 7. Bd3 Bb7 8. 0-0 dxc4 9. Bxc4 c5 10. Qe2 cxd4 11. Nxd4 Nd5 12. Bxd5 exd5 13. Bxe7 Qxe7 14. Rfd1 Rd8 15. Rac1 Na6 16. Nc6 Bxc6 17. Qxa6 d4 18. exd4 Qg5 19. d5 Bd7 20. Qd3 h5 21. h3 Bf5 22. Qe3 Qf6 23. Re1 Re8 24. Qf3 g6 25. Re3 Qd4 26. Rce1 Red8 27. Re7 b5 28. Nxb5 Qxb2 29. Nc7 Rac8 30. g4 Qb4 31. gxf5 Rxc7 32. Re8+ Rxe8 33. Rxe8+ Kg7 34. fxg6 fxg6 35. Qg3 Rc1+ 36. Kg2 Kf7 37. Re6 Qb1 38. Qf4+ Qf5 39. Qxf5+ gxf5 40. Ra6 Rd1 41. Rxa7+ Kf6 42. Ra5 h4 43. Ra6+ Ke5 44. d6 Rd3 45. Rb6 f4 46. Rb3 Rxd6 47. Kf3 Rd2 48. Rb5+ Kf6 49. a4 Ra2 50. a5 Kg6 51. Rc5 Kh6 52. Kxf4 Rxf2+ 53. Kg4 Ra2 54. Kxh4 Ra4+ 55. Kg3 Kg6 56. h4 Ra3+ 57. Kf4 Ra4+ 58. Ke5 Rxh4 59. a6 Ra4 60. Rc6+ Kf7 61. Kd6 Kf6 62. Rb6 Ra1 63. Kc7+ Ke7 64. Kb7 Kd7 65. a7 1-0